Yüklüyor......
M.T.yude Theranjedutha Kathakal
| Yazar: | |
|---|---|
| Materyal Türü: | Printed Book |
| Dil: | Undetermined |
| Baskı/Yayın Bilgisi: |
Thrissur
Current Books
2013
|
| Konular: |
| LEADER | 00534nam a2200157Ia 4500 | ||
|---|---|---|---|
| 008 | 140316s9999 xx 000 0 und d | ||
| 020 | |||
| 082 | |a 813.2 |b VAS/MT | ||
| 100 | |a Vasudevan Nair ,M.T. | ||
| 245 | |a M.T.yude Theranjedutha Kathakal | ||
| 260 | |a Thrissur |b Current Books |c 2013 | ||
| 300 | |a 803 | ||
| 650 | |a Story | ||
| 942 | |2 ddc |c BK | ||
| 999 | |c 13739 |d 13739 | ||
| 952 | |0 0 |1 0 |2 ddc |4 0 |6 813_200000000000000_VAS_MT |7 0 |9 14976 |a KAUCLV |b KAUCLV |c GENERAL |d 2014-03-18 |l 7 |m 3 |o 813.2 VAS/MT |p 223182 |q 2020-12-28 |r 2020-10-08 |s 2020-10-08 |w 2014-03-18 |y BK | ||